LEADER 05560nam 22007575 450 001 996418198103316 005 20220317161435.0 010 $a3-030-36138-1 024 7 $a10.1007/978-3-030-36138-9 035 $a(CKB)5300000000003393 035 $a(DE-He213)978-3-030-36138-9 035 $a(MiAaPQ)EBC6128083 035 $a(PPN)243225962 035 $a(EXLCZ)995300000000003393 100 $a20200303d2020 u| 0 101 0 $aeng 135 $aurnn#008mamaa 181 $ctxt$2rdacontent 182 $cc$2rdamedia 183 $acr$2rdacarrier 200 10$aAdvances in Microlocal and Time-Frequency Analysis$b[electronic resource] /$fedited by Paolo Boggiatto, Marco Cappiello, Elena Cordero, Sandro Coriasco, Gianluca Garello, Alessandro Oliaro, Jörg Seiler 205 $a1st ed. 2020. 210 1$aCham :$cSpringer International Publishing :$cImprint: Birkhäuser,$d2020. 215 $a1 online resource (XVI, 525 p. 6 illus. in color.) 225 1 $aApplied and Numerical Harmonic Analysis,$x2296-5009 311 $a3-030-36137-3 327 $aAnisotropic Gevrey-Hörmander pseudo-differential operators on modulation spaces -- Hardy spaces on weighted homogeneous trees -- The global Cauchy problem for the plate equation in weighted Sobolev spaces -- Cone-Adapted Shearlets and Radon Transforms -- Linear perturbations of the Wigner transform and the Weyl quantization -- About the nuclearity of S(Mp) and Sw -- Spaces of ultradifferentiable functions of multi-anisotropic type -- Comparison principle for non-cooperative elliptic systems and applications -- O n the simple layer potential ansatz for the n-dimensional Helmholtz equation -- Decay estimates and Gevrey smoothing for a strongly damped plate equation -- Long time decay estimates in real Hardy spaces for the Double Dispersion Equation -- On Density Operators with Gaussian Weyl Symbols -- On the solvability of a class of second order degenerate operators -- Small data solutions for semilinear waves with time-dependent damping and mass terms -- Integrating Gauge Fields in the -formulation of Feynman?s path integral -- A Class of Well-Posed Parabolic Final Value Problems -- Localization of a Class of Muckenhoupt Weights by Using Mellin Pseudo-Differential Operators -- Carleman regularization and hyperfunctions -- Strictly hyperbolic Cauchy problems with coefficients low-regular in time and space -- Quantization and Coorbit Spaces for Nilpotent Groups -- On the Measurability of Stochastic Fourier Integral Operators -- Convolution and Anti-Wick quantisation on ultradistribution spaces -- Exact formulas to the solutions of several generalizations of the nonlinear Schrödinger equation -- Dirichlet-to-Neumann Operator and Zaremba Problem -- Extended Gevrey regularity via the short-time Fourier transform -- Wiener estimates on modulation spaces -- The Gabor wave front set of compactly supported distributions. 330 $aThe present volume gathers contributions to the conference Microlocal and Time-Frequency Analysis 2018 (MLTFA18), which was held at Torino University from the 2nd to the 6th of July 2018. The event was organized in honor of Professor Luigi Rodino on the occasion of his 70th birthday. The conference?s focus and the contents of the papers reflect Luigi?s various research interests in the course of his long and extremely prolific career at Torino University. 410 0$aApplied and Numerical Harmonic Analysis,$x2296-5009 606 $aPartial differential equations 606 $aHarmonic analysis 606 $aOperator theory 606 $aGlobal analysis (Mathematics) 606 $aManifolds (Mathematics) 606 $aFunctional analysis 606 $aPartial Differential Equations$3https://scigraph.springernature.com/ontologies/product-market-codes/M12155 606 $aAbstract Harmonic Analysis$3https://scigraph.springernature.com/ontologies/product-market-codes/M12015 606 $aOperator Theory$3https://scigraph.springernature.com/ontologies/product-market-codes/M12139 606 $aGlobal Analysis and Analysis on Manifolds$3https://scigraph.springernature.com/ontologies/product-market-codes/M12082 606 $aFunctional Analysis$3https://scigraph.springernature.com/ontologies/product-market-codes/M12066 615 0$aPartial differential equations. 615 0$aHarmonic analysis. 615 0$aOperator theory. 615 0$aGlobal analysis (Mathematics). 615 0$aManifolds (Mathematics). 615 0$aFunctional analysis. 615 14$aPartial Differential Equations. 615 24$aAbstract Harmonic Analysis. 615 24$aOperator Theory. 615 24$aGlobal Analysis and Analysis on Manifolds. 615 24$aFunctional Analysis. 676 $a515 702 $aBoggiatto$b Paolo$4edt$4http://id.loc.gov/vocabulary/relators/edt 702 $aCappiello$b Marco$4edt$4http://id.loc.gov/vocabulary/relators/edt 702 $aCordero$b Elena$4edt$4http://id.loc.gov/vocabulary/relators/edt 702 $aCoriasco$b Sandro$4edt$4http://id.loc.gov/vocabulary/relators/edt 702 $aGarello$b Gianluca$4edt$4http://id.loc.gov/vocabulary/relators/edt 702 $aOliaro$b Alessandro$4edt$4http://id.loc.gov/vocabulary/relators/edt 702 $aSeiler$b Jörg$4edt$4http://id.loc.gov/vocabulary/relators/edt 801 0$bMiAaPQ 801 1$bMiAaPQ 801 2$bMiAaPQ 906 $aBOOK 912 $a996418198103316 996 $aAdvances in Microlocal and Time-Frequency Analysis$92369390 997 $aUNISA LEADER 01141nam a2200277 i 4500 001 991001012639707536 005 20020502182416.0 008 970707s1996 it ||| | ita 020 $a8820473860 035 $ab11451294-39ule_inst 035 $aPRUMB53473$9ExL 040 $aDip. SSSC$bita 100 1 $aLai, Giampaolo$0125445 245 10$aConoscenze psicoanalitiche e pratiche sociali :$bviaggio nell'itinerario della consultazione psicosociale /$c(a cura di) Giampaolo Lai, Olga Cellentani 260 $aMilano :$bAngeli,$cc1996 300 $a170 p. ;$c22 cm. 440 2$aL'operatore sociale nella professione 650 4$aOperatori sociali 650 4$aOperatori sociali - Formazione professionale 700 1 $aCellentani, Olga$eauthor$4http://id.loc.gov/vocabulary/relators/aut$0144744 907 $a.b11451294$b21-09-06$c01-07-02 912 $a991001012639707536 945 $aLE021 NOBISA12$g1$i2021000001796$lle021$o-$pE0.00$q-$rl$s- $t0$u0$v0$w0$x0$y.i11637742$z01-07-02 996 $aConoscenze psicoanalitiche e pratiche sociali$91451344 997 $aUNISALENTO 998 $ale021$b01-01-97$cm$da $e-$fita$git $h0$i1 LEADER 03341oam 22005774a 450 001 996213537103316 005 20240528223905.0 010 $a1-282-82223-3 010 $a9786612822230 010 $a0-87421-723-7 035 $a(CKB)2560000000015069 035 $a(EBL)713776 035 $a(OCoLC)646069067 035 $a(SSID)ssj0000423479 035 $a(PQKBManifestationID)11268771 035 $a(PQKBTitleCode)TC0000423479 035 $a(PQKBWorkID)10439677 035 $a(PQKB)11414844 035 $a(MiAaPQ)EBC3442808 035 $a(OCoLC)609293283 035 $a(MdBmJHUP)muse13357 035 $a(MiAaPQ)EBC713776 035 $a(Au-PeEL)EBL713776 035 $a(oapen)https://directory.doabooks.org/handle/20.500.12854/53952 035 $a(EXLCZ)992560000000015069 100 $a20080707d2008 uy 0 101 0 $aeng 135 $aurbn#---uuuuu 181 $ctxt$2rdacontent 182 $cc$2rdamedia 183 $acr$2rdacarrier 200 10$aMormonism's Last Colonizer$eThe Life and Times of William H. Smart /$fWilliam B. Smart 210 1$aLogan, Utah :$cUtah State University Press,$d2008. 210 4$d©2008. 215 $a1 online resource (358 pages) $cdigital, PDF file(Ss) 300 $aDescription based upon print version of record. 311 08$aPrint version: 9780874217223 320 $aIncludes bibliographical references (p. 334-339) and index. 327 $aGrowing up in Franklin -- Years of trial and torment -- An aborted mission -- A repentant sinner finds himself -- Putting a shoulder to the wheel -- On-the-job training in Heber Valley -- Making Indian land Mormon country -- The Vernal years -- Civilizing the reservation lands -- The fourth-and final-stake presidency -- Struggle and failure in Leota -- Hard times -- The final years. 330 $aWinner of the Evans Handcart Prize 2009. Winner of the Mormon History Assn Best Biography Award 2009. By the early twentieth century, the era of organized Mormon colonization of the West from a base in Salt Lake City was all but over. One significant region of Utah had not been colonized because it remained in Native American hands--the Uinta Basin, site of a reservation for the Northern Utes. When the federal government decided to open the reservation to white settlement, William H. Smart--a nineteenth-century Mormon traditionalist living in the twentieth century, a polygamist in an era when it was banned, a fervently moral stake president who as a youth had struggled mightily with his own sense of sinfulness, and an entrepreneurial businessman with theocratic, communal instincts--set out to ensure that the Uinta Basin also would be part of the Mormon kingdom. Included with the biography is a searchable CD containing William H. Smart's extensive journals, a monumental personal record of Mormondom and its transitional period from nineteenth-century cultural isolation into twentieth-century national integration. 606 $aLatter Day Saints$zUtah$vBiography 607 $aUtah$xHistory 615 0$aLatter Day Saints 676 $a289.3092 700 $aSmart$b William B$g(William Buckwalter),$f1922-2018.$0890186 801 0$bMdBmJHUP 801 1$bMdBmJHUP 906 $aBOOK 912 $a996213537103316 996 $aMormonism's Last Colonizer$94159147 997 $aUNISA